000 00603nam a2200205Ia 4500
005 20230114102423.0
008 131103s9999 xx 000 0 und d
040 _aLoreto College
041 _aEnglish
082 _a821.4
_bSPE-PER
245 4 _aThe faerie queene
_b Book 1
_cEdmund Spenser;with introduction and notes by H.M.Percival
260 _aLondon
_bMacmillan
_c1964
300 _alxxi,344 p.
504 _aIncludes notes and index
650 _aEnglish Poetry
651 _a16th Century - Poet - Spenser - Faerie Queene
700 _aPercival ,H.M.
850 _aLCLIB
942 _cBK
999 _c13163
_d63642